| 000 | 01248nam a22002777a 4500 | ||
|---|---|---|---|
| 005 | 20101122114056.0 | ||
| 008 | 101122t xxu||||| |||| 00| 0 mar d | ||
| 010 | _aMAR-20388 | ||
| 020 |
_a9788184981797 _c320.00 |
||
| 035 | _aMR-13046 | ||
| 037 | _bDBAD / PUB | ||
| 040 |
_aDPL _bMR |
||
| 082 | _a823 | ||
| 100 |
_aखालिद हुसैनी _924413 |
||
| 245 |
_aथाऊजंड स्प्लेन्डीड सन्स / _cखालिद हुसैनी;मधुकर प्रधान द्वारा अनुवादित |
||
| 246 |
_aThousand Splendid Suns _bby Khalid Hosseini |
||
| 260 |
_aपुणे _bमेहता पब्लिशिंग हाऊस _c2010 |
||
| 270 |
_a1941 सदाशिव पेठ,माडीवाले कॉलनी, _bपुणे _e411030 |
||
| 300 |
_aभा.1 392पृ _b21सेमी (अजिल्द) |
||
| 500 | _aभा.1 उपलब्ध | ||
| 650 | _924422 | ||
| 650 | _924423 | ||
| 700 |
_aप्रधान,मधुकर _924429 |
||
| 942 |
_2ddc _cMR _h823 _mखालिद |
||
| 999 |
_c48734 _d48734 |
||